Security Analysis: Principles and Techniques/ (Record no. 207370)

MARC details
000 -LEADER
fixed length control field 00688nam a22002057a 4500
005 - DATE AND TIME OF LATEST TRANSACTION
control field 20241203153741.0
010 ## - LCCN (DPL NO)
LC control number ENG-142774
020 ## - INTERNATIONAL STANDARD BOOK NUMBER
International Standard Book Number 9789364448642
Terms of availability 2295.00
035 ## - SYSTEM CONTROL NUMBER
System control number EN-126306
037 ## - SOURCE OF ACQUISITION
Source of stock number/acquisition DBAD
082 ## - DEWEY DECIMAL CLASSIFICATION NUMBER
Classification number 332.6
Edition number 7
100 ## - MAIN ENTRY--PERSONAL NAME
Personal name Graham, Benjamin
245 ## - TITLE STATEMENT
Title Security Analysis: Principles and Techniques/
Statement of responsibility, etc by Benjamin Graham [and] David L. Dood
250 ## - EDITION STATEMENT
Edition statement 7
260 ## - PUBLICATION, DISTRIBUTION, ETC. (IMPRINT)
Place of publication, distribution, etc Chennai
Name of publisher, distributor, etc McGraw Hill Education Private Ltd
Date of publication, distribution, etc 2024
270 ## - ADDRESS
Address Anjana Complex No. 5/90 A, Butt Road, St Thomas Mount
City Chennai
Postal code 600016
300 ## - PHYSICAL DESCRIPTION
Extent lviii,800p.
Dimensions 23cm(Hb)
Other physical details Index
700 ## - ADDED ENTRY--PERSONAL NAME
Personal name Dood, David L.
Relator term Author
9 (RLIN) 74600
942 ## - ADDED ENTRY ELEMENTS (KOHA)
Source of classification or shelving scheme Dewey Decimal Classification
Item type English Books
Call number suffix GRA
Classification part 332.6
Edition 7
Holdings
Withdrawn status Lost status Not for loan Collection code Home library Current library Date acquired Source of acquisition Cost, normal purchase price Full call number Barcode Copy number Cost, replacement price Koha item type
      Non-fiction Ashok Vihar Ashok Vihar 03/12/2024 Delivery of Books Act Division 2295.00 GRA 332.6 EN-126306 1 2295.00 English Books

© Delhi Public Library
Hit Counter
free hit counter